02114nam a2200481 i 450000100060000000300080000600500170001400600190003100700150005000800410006502000180010603500220012404000310014605000250017708000150020208200160021710000450023324501610027825000230043926401690046226400110063130000410064233600310068333700330071433800430074749000400079050400620083058800830089259001620097565000340113765000480117165000450121965000450126465000300130965000450133965000390138465000430142365500270146679700180149383000410151185600630155299900170161556610FINmELB20241216232845.0m o u cr cn|||||||||211019t20202020mx ob 000 0 spa d z9786078636624 a(OCoLC)1280138979 aFINmELBbspaerdacFINmELB 4aBF723.I56bM343 2020 a159.953.3504a155.4182231 aMaeda González, Carla María,eautor.10a¡Princesas de carne y hueso? :banálisis del proceso de identificacíon de niñas mexicanas con las princesas Disney /cCarla María Maeda González. aPrimera edición. 1aCiudad de México :bBonilla Artigas Editores ;aMonterrey, Nuevo León :bInstituto Tecnológico y de Estudios Superiores de Monterrey, Campus Monterrey,c2020. 4c©2020 a1 recurso en línea (110 páginas) atextobtxt2rdacontent/spa acomputadorabc2rdamedia/spa arecurso en líneabcr2rdacarrier/spa1 aMemoria, literatura y discurso ;v9 aIncluye referencias bibliográficas (páginas 105-110). aDescripción basada en metadatos suministrados por el editor y otras fuentes. aRecurso electrónico. Santa Fe, Arg.: elibro, 2021. Disponible vía World Wide Web. El acceso puede estar limitado para las bibliotecas afiliadas a elibro. 4aNiñaszMéxicoxActitudes. 4aIdentificación (Psicología) en niños. 4aPersonajes de DisneyxAspectos sociales. 4aPrincesas en la cultura popularzMexico. 0aGirlszMexicoxAttitudes. 0aIdentification (Psychology) in children. 0aDisney charactersxSocial aspects. 0aPrincesses in popular culturezMexico. 4aLibros electrónicos.2 aelibro, Corp. 0aMemoria, literatura y discurso ;v9.40uhttps://elibro.net/ereader/politecnicointernacional/175200 c56610d56610